000 00717cam a2200253 4500
001 0219
003 DO-SdBNP
005 20180122113722.0
007 0219
008 080626s2007 ve | ||||o000 0 spa
020 _a9789806604445
035 _a
040 _aBPMSU
_bspa
_cBPMSU
_e
080 _a
100 _aCalzadilla, Agusntín
110 1 _aVenezuela
240 1 0 _a
245 1 0 _aConstitución bolivariana :
_breforma y socialismo del siglo XXI /
_cAgustín Calzadilla
260 _a[Caracas]:
_bFondo Editorial Febrero Revelde
_c2007
300 _a138 p. :
_bil.;
_c 23 cm
942 _2ddc
_cBK
945 _aInventariado extranjero / 2018 VM
956 _aVMATEO
_b10
_c20160607
_dBPMSU
_f0069
999 _c10289
_d10289